LEADER 02100nam0 22004573i 450 001 VAN00261019 005 20240806101504.83 017 70$2N$a9783642931079 100 $a20230710d1978 |0itac50 ba 101 $aeng 102 $aDE 105 $a|||| ||||| 200 1 $aTime Lags in Biological Models$fNorman MacDonald 210 $aBerlin$cSpringer$d1978 215 $aviii, 114 p.$d24 cm 410 1$1001VAN00256120$12001 $aLecture Notes in Biomathematics$1210 $aBerlin$cSpringer$d1974-1993.$v27 606 $a34C25$xPeriodic solutions to ordinary differential equation [MSC 2020]$3VANC022291$2MF 606 $a34Dxx$xStability theory for ordinary differential equation [MSC 2020]$3VANC022333$2MF 606 $a34Hxx$xControl problems including ordinary differential equations [MSC 2020]$3VANC022298$2MF 606 $a92B05$xGeneral biology and biomathematics [MSC 2020]$3VANC019880$2MF 606 $a92D25$xPopulation dynamics (general) [MSC 2020]$3VANC022805$2MF 606 $a93C15$xControl/observation systems governed by ordinary differential equations [MSC 2020]$3VANC022396$2MF 610 $aBiomathematics$9KW:K 610 $aCalculation$9KW:K 610 $aEquations$9KW:K 610 $aFunctional differential equations$9KW:K 610 $aFunctions$9KW:K 610 $aIntegro-differential equations$9KW:K 610 $aPopulation$9KW:K 610 $aTime$9KW:K 620 $dBerlin$3VANL000066 700 1$aMacDonald$bNorman$3VANV215196$040719 712 $aSpringer $3VANV108073$4650 801 $aIT$bSOL$c20250829$gRICA 856 4 $uhttps://doi.org/10.1007/978-3-642-93107-9$zE-book ? Accesso al full-text attraverso riconoscimento IP di Ateneo, proxy e/o Shibboleth 899 $aBIBLIOTECA DEL DIPARTIMENTO DI MATEMATICA E FISICA$1IT-CE0120$2VAN08 912 $fN 912 $aVAN00261019 950 $aBIBLIOTECA DEL DIPARTIMENTO DI MATEMATICA E FISICA$d08DLOAD e-book 6168 $e08eMF6168 20230724 996 $aTime lags in biological models$9342274 997 $aUNICAMPANIA